[Event "Voronezh op-A 21st"]
[Site "Voronezh"]
[Date "2017.06.21"]
[Round "9"]
[White "Gunchenko, Vadim"]
[Black "Nesterov, Arseniy"]
[Result "1/2-1/2"]
[WhiteElo "2199"]
[BlackElo "2382"]
[PlyCount "80"]
[EventDate "2017.06.12"]
[EventType "swiss"]
[EventRounds "9"]
[EventCountry "RUS"]
[SourceTitle "EXT 2018"]
[Source "ChessBase"]
[SourceDate "2017.10.13"]
[SourceVersion "1"]
[SourceVersionDate "2017.10.13"]
[SourceQuality "1"]

1. d4 Nf6 2. c4 e6 3. Nf3 Bb4+ 4. Bd2 Qe7 5. Nc3 b6 6. g3 Bb7 7. Bg2 0-0 8. 0-0 d6 9. Qc2 Nbd7 10. Nb5 Bxd2 11. Nxd2 Bxg2 12. Kxg2 a6 13. Nc3 e5 14. d5 Nh5 15. e4 g6 16. f3 f5 17. Ne2 a5 18. Ng1 Nc5 19. Nh3 Rae8 20. Rae1 Qd7 21. b3 b5 22. cxb5 Qxb5 23. Nf2 Ra8 24. a4 Qa6 25. Re3 Nf6 26. Nd3 Nfd7 27. Nxc5 Nxc5 28. exf5 gxf5 29. Nc4 e4 30. fxe4 fxe4 31. Rf4 Qc8 32. Qe2 Qd8 33. Qg4+ Kh8 34. Nd2 Rg8 35. Qf5 Rg5 36. Qf7 Rg7 37. Qf5 Rg5 38. Qf7 Rg7 39. Qf5 Rg5 40. Qf7 Rg7 1/2-1/2

[Event "Voronezh op-A 21st"]
[Site "Voronezh"]
[Date "2017.06.15"]
[Round "4"]
[White "Gunchenko, Vadim"]
[Black "Maiorov, Nikita"]
[Result "0-1"]
[WhiteElo "2199"]
[BlackElo "2521"]
[PlyCount "84"]
[EventDate "2017.06.12"]
[EventType "swiss"]
[EventRounds "9"]
[EventCountry "RUS"]
[SourceTitle "CBM 179 Extra"]
[Source "ChessBase"]
[SourceDate "2017.08.23"]
[SourceVersion "1"]
[SourceVersionDate "2017.08.23"]
[SourceQuality "1"]

1. d4 Nf6 2. c4 e6 3. Nf3 b6 4. g3 Ba6 5. Qc2 Bb4+ 6. Bd2 Be7 7. Bg2 0-0 8. Ne5 d5 9. Nc3 c6 10. cxd5 cxd5 11. 0-0 Nfd7 12. Nf3 Bb7 13. Bf4 Nc6 14. Rac1 a6 15. Rfd1 b5 16. a3 Rc8 17. Qd3 Na5 18. e4 Nc4 19. Rc2 Ndb6 20. Ne5 dxe4 21. Nxe4 f5 22. Nc5 Bxg2 23. Kxg2 g5 24. Nxc4 bxc4 25. Qf3 gxf4 26. Nxe6 Qd5 27. Nxf8 Kxf8 28. Qxd5 Nxd5 29. Rdc1 Rb8 30. Rxc4 Rxb2 31. Ra4 Ne3+ 32. Kg1 Ng4 33. Ra5 Nxf2 34. Rxf5+ Kg7 35. gxf4 Bf6 36. Rc7+ Kg6 37. Ra5 Ng4 38. Rxa6 Kf5 39. Rf7 Ke4 40. Rfxf6 Kf3 41. Rfb6 Rg2+ 42. Kf1 Ne3+ 0-1

[Event "Dvorkovich Memorial op"]
[Site "Taganrog"]
[Date "2017.01.14"]
[Round "2"]
[White "Shamugia, Panteley"]
[Black "Gunchenko, Vadim"]
[Result "0-1"]
[WhiteElo "1834"]
[BlackElo "2245"]
[PlyCount "65"]
[EventDate "2017.01.13"]
[EventType "swiss"]
[EventRounds "9"]
[EventCountry "RUS"]
[SourceTitle "CBM 176 Extra"]
[Source "ChessBase"]
[SourceDate "2017.03.02"]
[SourceVersion "1"]
[SourceVersionDate "2017.03.02"]
[SourceQuality "1"]

1. d4 Nf6 2. c4 c5 3. d5 b5 4. a4 bxc4 5. Nc3 g6 6. e4 d6 7. Bxc4 Bg7 8. Bb5+ Bd7 9. Bxd7+ Nfxd7 10. Nf3 Na6 11. 0-0 0-0 12. Qe2 Nb4 13. a5 Qc7 14. Bg5 Rfe8 15. Ra4 Rab8 16. Rc1 Qb7 17. Bf4 c4 18. Qxc4 Nc5 19. a6 Nbxa6 20. Ra2 Nb4 21. Ra5 Nbd3 22. Rb5 Qd7 23. Be3 Rxb5 24. Nxb5 Nxc1 25. Bxc1 Nxe4 26. Nbd4 Nf6 27. Nc6 e6 28. dxe6 fxe6 29. b4 Nd5 30. Nfd4 Kh8 31. Kf1 Nb6 32. Qe2 Rc8 33. b5 0-1

[Event "Dvorkovich Memorial op"]
[Site "Taganrog"]
[Date "2015.01.23"]
[Round "6"]
[White "Esipenko, Andrey"]
[Black "Gunchenko, Vadim"]
[Result "1-0"]
[WhiteElo "2271"]
[BlackElo "2105"]
[PlyCount "71"]
[EventDate "2015.01.18"]
[EventType "swiss"]
[EventRounds "9"]
[EventCountry "RUS"]
[SourceTitle "CBM 164 Extra"]
[Source "ChessBase"]
[SourceDate "2015.03.02"]
[SourceVersion "1"]
[SourceVersionDate "2015.03.02"]
[SourceQuality "1"]

1. d4 Nf6 2. c4 c5 3. d5 b5 4. cxb5 a6 5. bxa6 g6 6. Nc3 Bxa6 7. g3 d6 8. Bg2 Bg7 9. Nf3 0-0 10. 0-0 Nbd7 11. Rb1 Qa5 12. Bd2 Rfb8 13. Qc2 Ne8 14. a4 Nc7 15. Rfd1 Bb7 16. Nb5 Qb6 17. Nxc7 Qxc7 18. e4 Ba6 19. b4 Be2 20. Re1 Bxf3 21. Bxf3 Qa7 22. bxc5 Nxc5 23. a5 Bd4 24. Kg2 Nb7 25. Qc7 Nd8 26. Qxa7 Bxa7 27. a6 Kf8 28. Be2 f6 29. f4 e6 30. Bb4 Ke7 31. e5 fxe5 32. fxe5 Bc5 33. Bxc5 dxc5 34. d6+ Kd7 35. Rxb8 Rxb8 36. a7 1-0

[Event "Dvorkovich Memorial op"]
[Site "Taganrog"]
[Date "2014.01.18"]
[Round "1"]
[White "Lugovskoy, Maxim"]
[Black "Gunchenko, Vadim"]
[Result "1-0"]
[WhiteElo "2386"]
[BlackElo "2032"]
[PlyCount "95"]
[EventDate "2014.01.18"]
[EventType "swiss"]
[EventRounds "9"]
[EventCountry "RUS"]
[SourceTitle "CBM 158 Extra"]
[Source "ChessBase"]
[SourceDate "2014.02.28"]
[SourceVersion "1"]
[SourceVersionDate "2014.02.28"]
[SourceQuality "1"]

1. e4 e6 2. d4 d5 3. Nc3 Nf6 4. e5 Nfd7 5. f4 c5 6. Nf3 a6 7. Be3 Qb6 8. a3 Qa7 9. Ne2 Nc6 10. c3 b5 11. Ng3 cxd4 12. cxd4 Nb6 13. b3 Bd7 14. Bd3 g6 15. 0-0 Be7 16. Ne2 b4 17. a4 Na5 18. Bf2 Bc6 19. Rb1 Qd7 20. Qe1 Nxb3 21. Rxb3 a5 22. Bh4 Bxa4 23. Rb1 Nc4 24. Bf6 Rg8 25. Bxe7 Qxe7 26. Bxc4 dxc4 27. Nd2 c3 28. Ne4 Bc2 29. Nf6+ Kf8 30. Qh4 h5 31. Qg5 Rh8 32. Rbc1 Bd3 33. Rfe1 Qa7 34. f5 Bxf5 35. Kh1 h4 36. h3 Qb7 37. d5 c2 38. dxe6 fxe6 39. Nf4 b3 40. Nxg6+ Bxg6 41. Qxg6 b2 42. Rxc2 b1Q 43. Rxb1 Qxb1+ 44. Kh2 Qf1 45. Nd7+ Ke7 46. Qg5+ Ke8 47. Nf6+ Kf8 48. Rc7 1-0

[Event "Dvorkovich Memorial op 8th"]
[Site "Taganrog"]
[Date "2013.07.25"]
[Round "4"]
[White "Gunchenko, Vadim"]
[Black "Kovalchuk, Alexey"]
[Result "0-1"]
[WhiteElo "1990"]
[BlackElo "2235"]
[PlyCount "80"]
[EventDate "2013.07.22"]
[EventType "swiss"]
[EventRounds "9"]
[EventCountry "RUS"]
[SourceTitle "CBM 155 Extra"]
[Source "ChessBase"]
[SourceDate "2013.08.26"]
[SourceVersion "1"]
[SourceVersionDate "2013.08.26"]
[SourceQuality "1"]

1. d4 c5 2. d5 f5 3. c4 Nf6 4. Nc3 g6 5. Bg5 Bg7 6. Qc2 d6 7. h4 h5 8. Bf4 0-0 9. e3 Na6 10. a3 Nc7 11. Bd3 b5 12. cxb5 Ncxd5 13. Bc4 e6 14. Nxd5 Nxd5 15. Bxd5 exd5 16. Ne2 Rb8 17. 0-0-0 Be6 18. Qd3 a6 19. Nc3 d4 20. exd4 cxd4 21. Ne2 Rc8+ 22. Kb1 Bc4 23. Qd2 d3 24. Nc1 Bb3 25. Nxb3 Rc2 26. Qxc2 dxc2+ 27. Kxc2 Qf6 28. Nd4 Rc8+ 29. Kb1 Rc4 30. Be3 f4 31. b3 fxe3 32. bxc4 e2 33. Rd2 Qf4 34. Nf3 Qxc4 35. bxa6 Bc3 36. a7 Qb3+ 37. Kc1 Qxa3+ 38. Kc2 Bxd2 39. Kxd2 Qa2+ 40. Ke3 Qxa7+ 0-1

[Event "Sochi Meetings op"]
[Site "Sochi"]
[Date "2012.07.30"]
[Round "9.6"]
[White "Gunchenko, Vadim"]
[Black "Efremenko, Alexandr"]
[Result "1/2-1/2"]
[WhiteElo "1937"]
[BlackElo "1950"]
[PlyCount "39"]
[EventDate "2012.07.24"]
[EventType "swiss"]
[EventRounds "9"]
[EventCountry "RUS"]
[SourceTitle "EXT 2022"]
[Source "ChessBase"]
[SourceDate "2021.10.06"]
[SourceVersion "1"]
[SourceVersionDate "2021.10.06"]
[SourceQuality "1"]

1. d4 Nf6 2. c4 g6 3. Nc3 Bg7 4. e4 d6 5. Be2 Nbd7 6. Be3 h6 7. e5 Ng8 8. f4 e6 9. Nf3 Ke7 10. Bf2 a6 11. Bh4+ f6 12. Ne4 Kf8 13. 0-0 Qe8 14. Kh1 f5 15. Nc3 Kf7 16. Re1 dxe5 17. Nxe5+ Nxe5 18. fxe5 Ne7 19. Bg3 Qd8 20. d5 1/2-1/2

[Event "Sochi Meetings op"]
[Site "Sochi"]
[Date "2012.07.28"]
[Round "7.9"]
[White "Gunchenko, Vadim"]
[Black "Tarasova, Kristina"]
[Result "1-0"]
[WhiteElo "1937"]
[BlackElo "1830"]
[PlyCount "97"]
[EventDate "2012.07.24"]
[EventType "swiss"]
[EventRounds "9"]
[EventCountry "RUS"]
[SourceTitle "EXT 2022"]
[Source "ChessBase"]
[SourceDate "2021.10.06"]
[SourceVersion "1"]
[SourceVersionDate "2021.10.06"]
[SourceQuality "1"]

1. d4 d5 2. c4 c6 3. Nc3 Nf6 4. Nf3 Bf5 5. Qb3 Qb6 6. Qxb6 axb6 7. cxd5 cxd5 8. Bf4 e6 9. e3 Bb4 10. Bb5+ Nc6 11. Ne5 Rc8 12. Nxc6 bxc6 13. Ba6 Rd8 14. Bc7 Rd7 15. Bxb6 0-0 16. Bc5 Bxc5 17. dxc5 Ra7 18. Be2 Rb8 19. 0-0-0 Ra5 20. Bd3 Bxd3 21. Rxd3 Rxc5 22. f3 g6 23. Kb1 Rc4 24. Rc1 Rcb4 25. Nd1 R4b6 26. Rdc3 Rc8 27. Nf2 Nd7 28. Nd3 e5 29. b3 f6 30. Nc5 Nxc5 31. Rxc5 Kf7 32. Rxd5 cxd5 33. Rxc8 e4 34. Rc7+ Kg8 35. Rd7 Rb5 36. f4 Rc5 37. Kb2 h6 38. a3 Kf8 39. b4 Rb5 40. Kc3 Ke8 41. a4 Kxd7 42. axb5 f5 43. Kd4 Kd6 44. g3 g5 45. h4 gxf4 46. gxf4 h5 47. b6 Kc6 48. b7 Kxb7 49. Kxd5 1-0